000 00506nam a2200181Ia 4500
005 20250508152811.0
008 008 250505s9999 xx 000 0 hin d
037 _aTextual
040 _aFEDL
_beng
_cFEDL
041 _ahin
_2eng
084 _a313.15, BHA
_qFEDL
100 _aBhatnagar R.P.
_9762417
245 0 _aManomiti : Sankhikaiye adhar
260 _aMuradabad, India
_bNational Book Depot
_c1962
300 _a406p.
942 _cTEXL
_h313.15, BHA
999 _c1338835
_d1338835